000 00425nam a2200157Ia 4500
008 240729s9999 xx 000 0 und d
022 _a2077-1444
245 0 _aReligions
260 _aSwitzerland
260 _bMDPI AG
650 _a Religions. Mythology. Rationalism
650 _aPhilosophy. Psychology. Religion
856 _uhttps://doaj.org/toc/10264a50d46342ee838f5aa1a93d72ca
942 _2ddc
942 _cDOAJEJ
999 _c74044
_d74044
945 _a1
_bMadushi Gamage
_c1
_dMadushi Gamage